| 000 | 01014nam a2200301 i 4500 | ||
|---|---|---|---|
| 005 | 20220316235421.0 | ||
| 008 | 121119s2004 ck gs 000 0 spa d | ||
| 020 | _a9586155056 | ||
| 040 |
_aCO-BoRNBP _bspa _cCO-BoRNBP _erda |
||
| 041 | 1 | _aspa | |
| 082 | 0 | 4 |
_a629.1325 _bC31V |
| 100 | 1 |
_aChalloner, Jack, _eautor |
|
| 245 | 1 | 0 |
_aVuelo _cJack Challoner ; traducción, Francisco Ruiz ; ilustración, Jon Barnes |
| 250 | _aPrimera edición | ||
| 264 | 1 |
_aBogotá _bGrupo Editorial Educar _c2004 |
|
| 300 |
_a48 páginas _c27 cm |
||
| 336 |
_atexto _btxt _2rdacontent |
||
| 337 |
_asin mediación _bn _2rdamedia |
||
| 338 |
_avolumen _bnc _2rdacarrier |
||
| 490 | 0 | _aA experimentar. Diviértete con la ciencia | |
| 650 | 1 | 4 |
_aAparatos voladores _2LEMB |
| 650 | 1 | 4 |
_aAviones _2LEMB |
| 650 | 1 | 4 |
_aCometas de papel _xExperimentos _xEnseñanza Elemental _2LEMB |
| 650 | 1 | 4 |
_aGlobos aerostáticos _2LEMB |
| 700 | 1 |
_aBarnes, Jon, _eilustrador _9125191 |
|
| 700 | 1 |
_aRuiz, Francisco, _etraductor _9125192 |
|
| 942 |
_2ddc _cBK |
||
| 999 |
_c898 _d898 |
||